Countries With the Most Polish People - Statistics

General Stats
  • This quiz has been taken 57 times
  • The average score is 13 of 15
Answer Stats
Poles Country % Correct
37,394,000 Poland
100%
9,569,207 United States
98%
1,010,705 Canada
94%
3,000,000-5,000,000 Germany
94%
73,000 Russia
94%
700,000-1,000,000 United Kingdom
94%
144,130 Ukraine
92%
1,000,000 France
87%
69,353 Spain
81%
122,585 Ireland
74%
1,800,000-3,000,000 Brazil
72%
110,212 Sweden
72%
294,549-700,000 Belarus
70%
200,317 Lithuania
68%
500,000 Argentina
66%
No matching quizzes found
Score Distribution
Percent of People with Each Score
Percentile by Number Answered
Your Score History
You have not taken this quiz